| 000 | 00412nam a2200133Ia 4500 | ||
|---|---|---|---|
| 008 | 230917s9999||||xx |||||||||||||| ||und|| | ||
| 040 |
_e181821 _aMAIN |
||
| 041 | _aEnglish | ||
| 082 | _a34:336.217 W373W | ||
| 245 | 0 | _aWealth tax; presented to parliament by the Chancellor of the EXchequer by command of Her Majesty | |
| 260 |
_aLondon _bHer Majesty's Stationery Office _c1974 |
||
| 300 | _a32 p. | ||
| 942 | _cBK | ||
| 999 |
_c223356 _d223356 |
||